LIBRARY & INFORMATION CENTRE, KCAET, TAVANUR

ONLINE PUBLIC ACCESS CATALOGUE (OPAC)

Computer Science: A Structured Programming Approach Using C, (Record no. 14744)

MARC details
000 -LEADER
fixed length control field 00383nam a22001457a 4500
020 ## - INTERNATIONAL STANDARD BOOK NUMBER
ISBN 9788131503638
082 ## - DEWEY DECIMAL CLASSIFICATION NUMBER
Classification number 004.
Item number FOR/CO
100 ## - MAIN ENTRY--AUTHOR NAME
Personal name Forouzan,Behrouz A.
100 ## - MAIN ENTRY--AUTHOR NAME
Personal name Gilberg,Richard F.
245 ## - TITLE STATEMENT
Title Computer Science: A Structured Programming Approach Using C,
250 ## - EDITION STATEMENT
Edition statement 3 rd
260 ## - PUBLICATION, DISTRIBUTION, ETC. (IMPRINT)
Place of publication Delhi
Name of publisher Cengage Learning
Year of publication 2007
300 ## - PHYSICAL DESCRIPTION
Number of Pages 1156
942 ## - ADDED ENTRY ELEMENTS (KOHA)
Koha item type Book Bank scheme for SC students
Holdings
Withdrawn status Lost status Damaged status Collection code Home library Current library Shelving location Date acquired Source of acquisition Cost, normal purchase price Full call number Accession Number Koha item type
        KAUAET KAUAET Scheme 26/08/2016 Dream Tech Publishers & Book Sellers, Trivandrum. 625.00 004. FOR/CO BB 364 Book Bank scheme for SC students
free website counter